Score 0/25 Timer 08:00
0 Plays Today
% Correct
Table Tennis
95.1%
North Korea
94.2%
Mount Everest
93.8%
One
93.8%
Great Wall of China
92.6%
2008
92.2%
White
91.1%
Kazakhstan & Kyrgyzstan
90.7%
Mao Zedong
90.1%
India
89.3%
Shanghai
89%
Gobi Desert
85.5%
Hong Kong
84.1%
% Correct
Marco Polo
82.9%
San Francisco
82.5%
September
81.5%
Tibet Autonomous Region
81.5%
Yangtze River
77.5%
Yin & Yang
72.3%
Forbidden City
71.3%
Chinese Yuan
69.8%
Lotus Flower
65.6%
Qing Dynasty
58.9%
Rooster
54.9%
Hainan Island
46.3%
Remove Ads.
Support Sporcle.
Get the best of Sporcle when you Go Orange. This ad-free experience offers more features, more stats, and more fun while also helping to support Sporcle. Thank you for becoming a member.

You're not logged in!

Compare scores with friends on all Sporcle quizzes.
OR
Log In

Show Comments

Extras

Top Quizzes Today


Score Distribution

Your Account Isn't Verified!

In order to create a playlist on Sporcle, you need to verify the email address you used during registration. Go to your Sporcle Settings to finish the process.

Report this User

Report this user for behavior that violates our Community Guidelines.

Details: